[Event "Chicago op"]
[Site "Chicago"]
[Date "1993.??.??"]
[Round "5"]
[White "Karklins, Andrew"]
[Black "Nickoloff, Bryon"]
[Result "1-0"]
[WhiteElo "2345"]
[BlackElo "2390"]

1.e4 e5 2.Nf3 Nc6 3.Bb5 a6 4.Ba4 Nf6 5.O-O b5 6.Bb3 Bb7 7.d3 Be7 8.Re1 O-O
9.Nbd2 Re8 10.Nf1 Bf8 11.Ng5 d5 12.exd5 Nd4 13.d6 Nxb3 14.dxc7 Qxc7 15.axb3 Rac8
16.Re2 Nd5 17.Nh3 Re6 18.f3 Rg6 19.Kh1 Nb4 20.c3 Qd7 21.Nf2 Nc6 22.b4 f5
23.Be3 Qd5 24.Rd2 Re8 25.d4 Qf7 26.d5 Ne7 27.d6 Nd5 28.Bc5 Bxd6 29.Bxd6 Rxd6
30.Qe1 Rg6 31.Ne3 Nf4 32.Rad1 Qf6 33.Nd3 Nxd3 34.Rxd3 e4 35.Nd5 Qe5 36.fxe4 fxe4
37.Rd4 e3 38.Nf4 Qxf4 39.Rxf4 Bxg2+ 40.Kg1 Bf3+ 41.Kf1 e2+ 42.Kf2 exd1=N+  1-0

[Event "Sommerskak"]
[Site "Copenhagen"]
[Date "1993.??.??"]
[Round "8"]
[White "Mortensen, Erling"]
[Black "Mainka, Romuald"]
[Result "1/2-1/2"]
[WhiteElo "2445"]
[BlackElo "2515"]

1.e4 e5 2.Nf3 Nc6 3.Bb5 a6 4.Ba4 Nf6 5.O-O b5 6.Bb3 Bb7 7.c3 Nxe4 8.d4 Na5
9.Bc2 exd4 10.Qe2 d5 11.Nxd4 c5 12.Nb3 Nxb3 13.axb3 Be7 14.Re1 Nf6 15.Bg5 Kf8
16.Nd2 Rc8 17.c4 bxc4 18.bxc4 d4 19.Nf3 h6 20.Bh4 Ng8 21.Bxe7+ Nxe7 22.Ne5 Qc7
23.Qg4 Kg8 24.Be4 Bxe4 25.Qxe4 f5 26.Qf3 Qd6 27.h4 Rf8 28.Qb7 Rb8 29.Qa7 d3
30.Nxd3 Nc6 31.Qxc5 Qxc5 32.Nxc5 a5 33.Re6 Rc8 34.Nb3 Kh7 35.Nxa5 Nxa5 36.Rxa5 Rxc4
37.h5 Rb4 38.Rxf5 Rxb2 39.Re7 Rb4 40.f3 Rb6 41.Rff7 Rg8 42.Kh2 Kh8 43.Kh3 Rb5
44.g4 Ra5 45.Kg3 Rb5 46.f4 Rb3+ 47.Kh4 Rb4 48.Re6 Rb3 49.Rg6 Rf3 50.g5 hxg5+
51.Rxg5 Rf1 52.Kg4 Kh7 53.Kf5 Re1 54.Rg2 Rh1 55.Kg5 Ra8 56.f5 Kg8 57.Rb7 Ra6
58.Re7 Rh6 59.Kf4 Rf1+ 60.Kg4 Rf6 61.Re5 Kh7 62.Kg5  1/2-1/2

[Event "CUB-ch"]
[Site "?"]
[Date "1993.??.??"]
[Round "8"]
[White "Leyva, Hector"]
[Black "Valdes, Luis E"]
[Result "1/2-1/2"]
[WhiteElo "2355"]
[BlackElo "2315"]

1.e4 e5 2.Nf3 Nc6 3.Bb5 a6 4.Ba4 Nf6 5.O-O b5 6.Bb3 Bb7 7.d3 Bd6 8.a4 O-O
9.Nc3 b4 10.Ne2 h6 11.a5 Re8 12.Bd2 Bf8 13.Qb1 d5 14.Qa2 Na7 15.Ng3 Qd7 16.Rfe1 dxe4
17.dxe4 c5 18.h3 Nb5 19.Rad1 Qc7 20.Bc1 Rad8 21.Rxd8 Rxd8 22.Kh2 Nd4 23.Nxd4 Rxd4
24.c3 bxc3 25.bxc3 Rd3 26.Bc4 Rxc3 27.Bd2 Rxg3 28.fxg3 Nxe4 29.Rf1 Nd6 30.Be2 c4
31.Bb4 Qc6 32.Bf3 e4 33.Be2 e3 34.Bf3 Qc7 35.Bxb7 Nxb7 36.Bxf8 Kxf8 37.Qa3+ Qc5
38.Qxc5+ Nxc5 39.Re1 Ke7 40.Rxe3+ Kd6 41.Kg1 Nb3 42.Kf1 Kc5 43.Ke1 Kb4 44.Re7 Kc3
45.Rxf7 Nxa5 46.Ra7 Kb2 47.Rxa6 Nb3 48.Rc6 c3 49.Kd1 Nd4 50.Rb6+ Nb3 51.Rc6  1/2-1/2

[Event "CZE-chT"]
[Site "?"]
[Date "1993.??.??"]
[Round "?"]
[White "Bartak, Vladimir"]
[Black "Gross, David"]
[Result "1-0"]
[WhiteElo "2305"]
[BlackElo "2270"]

1.e4 e5 2.Nf3 Nc6 3.Bb5 a6 4.Ba4 Nf6 5.O-O b5 6.Bb3 Bb7 7.Ng5 d5 8.exd5 Nd4
9.Re1 Bd6 10.Nc3 O-O 11.d3 Nxb3 12.axb3 Nxd5 13.Qf3 c6 14.Nce4 c5 15.Qf5 g6
16.Qh3 h5 17.Ne6 fxe6 18.Qxe6+ Kg7 19.Qxd6 Qxd6 20.Nxd6 Bc6 21.Rxe5 Nb4 22.Rxc5 Rad8
23.Bd2 Rxd6 24.Bxb4 Ra8 25.Rxb5 Bxb5 26.Bxd6 Kf6 27.c4 Bc6 28.d4 Be4 29.b4 Bd3
30.b3 Ke6 31.Be5 Kd7 32.f3 Bc2 33.Ra3 Kc6 34.Kf2 Kb6 35.Ke3 h4 36.Kd2 Bf5
37.Kc3 h3 38.gxh3 Bxh3 39.Ra2 Rf8 40.f4 Bf5 41.d5 Rd8 42.c5+ Kb7 43.Kd4 Be6
44.Bd6 Bg4 45.b5  1-0

[Event "Arab-ch8 Doha"]
[Site "Doha"]
[Date "1993.??.??"]
[Round "2"]
[White "Dekar, Lies"]
[Black "Hashim, Ali Abdulrazak"]
[Result "1-0"]
[WhiteElo "2255"]
[BlackElo "2205"]

1.e4 e5 2.Nf3 Nc6 3.Bb5 a6 4.Ba4 Nf6 5.O-O b5 6.Bb3 Bb7 7.d3 Be7 8.c3 O-O
9.Re1 Re8 10.Nbd2 Bf8 11.Nf1 Na5 12.Bc2 d5 13.Qe2 dxe4 14.dxe4 c5 15.Bg5 Qb6
16.Rad1 h6 17.Bc1 c4 18.h3 Bc5 19.Be3 Bxe3 20.Nxe3 Bxe4 21.Bxe4 Nxe4 22.Nd5 Nxc3
23.bxc3 Qb7 24.Nxe5 f6 25.Qg4  1-0

[Event "ESP-ch"]
[Site "?"]
[Date "1993.??.??"]
[Round "6"]
[White "Sanz Alonso, Francisco Javier"]
[Black "Fernandez Garcia, Jose L"]
[Result "1/2-1/2"]
[WhiteElo "2410"]
[BlackElo "2445"]

1.e4 e5 2.Nf3 Nc6 3.Bb5 a6 4.Ba4 Nf6 5.O-O b5 6.Bb3 Bb7 7.Re1 Bc5 8.c3 d6
9.d3 h6 10.Nbd2 O-O 11.Nf1 Ne7 12.Nh4 Qd7 13.Ng3 Qg4 14.Ngf5 Nxf5  1/2-1/2

[Event "Espoo op"]
[Site "Espoo"]
[Date "1993.??.??"]
[Round "1"]
[White "Paavilainen, Jorma"]
[Black "Sepp, Olav"]
[Result "0-1"]
[WhiteElo "2315"]
[BlackElo "2390"]

1.e4 e5 2.Nf3 Nc6 3.Bb5 a6 4.Ba4 Nf6 5.O-O b5 6.Bb3 Bb7 7.Re1 Bc5 8.c3 d6
9.d4 Bb6 10.a4 O-O 11.Qd3 d5 12.dxe5 Ng4 13.Rf1 Na5 14.Bxd5 c6 15.Bg5 Bxf2+
16.Kh1 Qd7 17.Bc4 Qxd3 18.Bxd3 Bb6 19.Bh4 Nb3 20.Ra3 Nc5 21.Be2 Nxe4 22.h3 Ne3
23.Rc1 Nf5 24.Kh2 Be3 25.Rf1 Bf4+ 26.Kg1 Ne3  0-1

[Event "Eupen op"]
[Site "Eupen"]
[Date "1993.??.??"]
[Round "7"]
[White "Kupreichik, Viktor D"]
[Black "Mainka, Romuald"]
[Result "1/2-1/2"]
[WhiteElo "2560"]
[BlackElo "2515"]

1.e4 e5 2.Nf3 Nc6 3.Bb5 a6 4.Ba4 Nf6 5.O-O b5 6.Bb3 Bb7 7.d3 Bd6 8.a4 O-O
9.c3 h6 10.Na3 Re8 11.Bd2 Bxa3 12.Rxa3 d5 13.Qe2 dxe4 14.dxe4 Na5 15.Rd1 Qe7
16.axb5 Nxb3 17.Rxb3 axb5 18.Re1 Nxe4 19.c4 Nxd2 20.Nxd2 b4 21.Re3 Rad8 22.f4 Qd6
23.Ne4 Qd4 24.Kh1 Kf8 25.Ng3 Qxf4 26.Rf1 Qg5 27.Nf5  1/2-1/2

[Event "NRW-Liga II 9293"]
[Site "Germany"]
[Date "1993.??.??"]
[Round "?"]
[White "Kruszynski, Wlodzimierz"]
[Black "Kishnev, Sergey"]
[Result "0-1"]
[WhiteElo "2385"]
[BlackElo "2500"]

1.e4 e5 2.Nf3 Nc6 3.Bb5 a6 4.Ba4 Nf6 5.O-O b5 6.Bb3 Bb7 7.Re1 Bc5 8.c3 d6
9.d4 Bb6 10.Be3 O-O 11.Nbd2 h6 12.h3 exd4 13.cxd4 Nb4 14.Qb1 c5 15.a3 Nc6
16.d5 Ne7 17.Bc2 Nd7 18.Bf4 c4 19.Nf1 f5 20.exf5 Nxd5 21.Bg3 N5f6 22.Qd1 Bxf3
23.Qxf3 d5 24.Re6 Ra7 25.Rae1 Nc5 26.R6e5 Bc7 27.Re7 Bb8 28.Rxa7 Bxa7 29.Bh4 d4
30.Nd2 d3 31.Bd1 Qd4 32.Re7 Qxh4 33.Rxa7 Qd4 34.Qg3 Ncd7 35.Qe3 Qxb2 36.Qe6+ Kh8
37.Nf3 Qa1 38.Nh4 Re8 39.Qf7 Qxd1+ 40.Kh2 Qe2 41.Ng6+ Kh7 42.Rxd7 Nxd7 43.Qxd7 Rg8
44.Qf7 Qe8 45.Qd5 Qd8 46.Qe4 Re8 47.Ne5 Rxe5 48.Qxe5 d2 49.Qe4 Qd3 50.Qe6 Qd8
51.Qe4 d1=Q 52.f6+ g6 53.Qb7+ Q1d7  0-1

[Event "BL2-S9293"]
[Site "Germany"]
[Date "1993.??.??"]
[Round "?"]
[White "Gerigk, Erasmus"]
[Black "Staiger, Frank"]
[Result "1/2-1/2"]
[WhiteElo "2265"]
[BlackElo "2280"]

1.e4 e5 2.Nf3 Nc6 3.Bb5 a6 4.Ba4 Nf6 5.O-O b5 6.Bb3 Bb7 7.Qe2 Bc5 8.c3 O-O
9.a4 d6 10.d3 h6 11.Bc2 b4 12.Nbd2 a5 13.Nb3 Bb6 14.d4 bxc3 15.bxc3 exd4
16.Nbxd4 Re8 17.Nb5 Qe7 18.Re1 Na7 19.Nxa7 Rxa7 20.Nd4 Raa8 21.f3 Nd7 22.Be3 Qf6
23.Bb3 Ba6  1/2-1/2

[Event "BL2-S9293"]
[Site "Germany"]
[Date "1993.??.??"]
[Round "?"]
[White "Dirr, Ulrich"]
[Black "Beikert, Guenther"]
[Result "1/2-1/2"]
[WhiteElo "2260"]
[BlackElo "2405"]

1.e4 e5 2.Nf3 Nc6 3.Bb5 a6 4.Ba4 Nf6 5.O-O b5 6.Bb3 Bb7 7.d3 Bd6 8.a4 Na5
9.Ba2 b4 10.Nbd2 O-O 11.Nc4 Nxc4 12.Bxc4 Re8 13.c3 a5 14.Bg5 h6 15.Bh4 Ba6
16.Nd2 Qe7 17.Qf3 Bc5 18.Rae1 Bxc4 19.Nxc4 Qe6 20.Bxf6 Qxf6 21.Qxf6 gxf6
22.cxb4 Bxb4 23.Rc1 Bc5 24.Ne3 Bxe3 25.fxe3 c6 26.Rxf6 Kg7 27.Rd6 Ra7 28.Rf1 Rb7
29.Rf5 Re7 30.d4 exd4 31.Rxd4 Rxb2 32.Rxa5 d5 33.exd5 Rxe3 34.h3 Rg3 35.Rg4+  1/2-1/2

[Event "Gothenburg"]
[Site "Gothenburg"]
[Date "1993.??.??"]
[Round "4"]
[White "Winsnes, Rikard"]
[Black "Moberg, Karl Johan"]
[Result "1-0"]
[WhiteElo "2395"]
[BlackElo "2300"]

1.e4 e5 2.Nf3 Nc6 3.Bb5 a6 4.Ba4 Nf6 5.O-O b5 6.Bb3 Bb7 7.c3 Nxe4 8.d4 Na5
9.Bc2 exd4 10.Qe2 d5 11.Nxd4 c5 12.Nb3 Nxb3 13.axb3 Be7 14.Re1 O-O 15.f3 Bh4
16.fxe4 Bxe1 17.Qxe1 dxe4 18.Qg3 f5 19.Bf4 Qf6 20.Nd2 h6 21.h4 Kh7 22.Nf1 Rad8
23.Ne3 Qg6 24.Qf2 Qf6 25.h5 Qf7 26.Qh4 Rd2 27.Rf1 Qe6 28.Qg3 Rd7 29.Be5 Rff7
30.Qf4 Rd2 31.Rd1 Rxd1+ 32.Bxd1 Kg8 33.Bc2 Qd7 34.Bd6 Qc6 35.b4 c4 36.b3 Bc8
37.bxc4 bxc4 38.g4 fxg4 39.Bxe4 Rxf4 40.Bxc6 Rf6 41.Bd5+ Kh7 42.Be7 Rb6 43.Nxc4 Rb5
44.Ne3 Bd7 45.c4 Rb8 46.Be4+ Kg8 47.Bg6 Be8 48.Nd5 Bxg6 49.hxg6 h5 50.c5 Rb5
51.c6 Rxd5 52.c7 Rd1+ 53.Kf2 Rc1 54.Bc5  1-0

[Event "Gothenburg"]
[Site "Gothenburg"]
[Date "1993.??.??"]
[Round "6"]
[White "Holzke, Frank"]
[Black "Moberg, Karl Johan"]
[Result "1-0"]
[WhiteElo "2380"]
[BlackElo "2300"]

1.e4 e5 2.Nf3 Nc6 3.Bb5 a6 4.Ba4 Nf6 5.O-O b5 6.Bb3 Bb7 7.d4 Nxd4 8.Nxd4 exd4
9.e5 Ne4 10.c3 dxc3 11.Qf3 d5 12.exd6 Qf6 13.Qxf6 gxf6 14.dxc7 Rg8 15.Re1 Bc5
16.Kf1 Kd7 17.f3 Nd6 18.Nxc3 Bxf3 19.Bd5 Rxg2 20.Be3 Bxe3 21.Rxe3 Rag8 22.Bxf3 Rg1+
23.Kf2 Rxa1 24.Nd5 Rc8 25.Rc3 Rxa2 26.Bg4+ Ke8 27.Nxf6+ Ke7 28.Nd5+ Ke8 29.Nf6+ Ke7
30.Nd5+ Kf8 31.Rc6 Rxb2+ 32.Ke1 Rxc7 33.Nxc7 Nc4 34.h3 a5 35.Nxb5 Rxb5 36.Rxc4 Kg7
37.Rc6 Rb1+ 38.Kf2 Rb2+ 39.Kg3 Rb3+ 40.Kf4 a4 41.Rc4 a3 42.Ra4 Kf6 43.h4 Kg7
44.Bf3 Rd3 45.Be4 Rh3 46.Kg4 Rc3 47.Bb1 Rc1 48.Ba2 Rg1+ 49.Kh5 Rg6 50.Rxa3 Rh6+
51.Kg5 Rg6+ 52.Kf5 Rh6 53.Ra7 Rf6+ 54.Ke4 Kg6 55.Ke3 Kg7 56.Bc4 Kg6 57.Ra5 Kg7
58.Bd3 Re6+ 59.Kf4 Rf6+ 60.Kg4 h6 61.Kh5 Rd6 62.Bf5 Rf6 63.Rb5 Ra6 64.Bb1 Rc6
65.Rf5 Ra6 66.Bd3 Rc6 67.Bb5 Rc7 68.Ba4 Ra7 69.Bc6 Rc7 70.Bf3 Ra7 71.Bd5 Rd7
72.Bb3 Rb7 73.Rf3 Rb5+ 74.Kg4 Rb4+ 75.Kh3 Rb7 76.Rg3+ Kf8 77.Kg4 Rb4+ 78.Kh5 Rf4
79.Bc2 Rf6 80.Rg4 Ke7 81.Rg8 Rf2 82.Bd1 Rf1 83.Be2 Rf2 84.Bd1 Rf1 85.Bg4 Rf6
86.Rh8 Rg6 87.Bf5 Rf6 88.Bh7 Rd6 89.Rb8 Rd4 90.Bb1 Kf6 91.Rg8 Rb4 92.Bd3 Rd4
93.Be2 Re4 94.Bg4 Ke7 95.Rh8  1-0

[Event "Hamburg-ch"]
[Site "Hamburg"]
[Date "1993.??.??"]
[Round "?"]
[White "Putzbach, Gerd"]
[Black "Nogly, Christoph"]
[Result "1-0"]
[WhiteElo "2275"]
[BlackElo "2240"]

1.e4 e5 2.Nf3 Nc6 3.Bb5 a6 4.Ba4 Nf6 5.O-O b5 6.Bb3 Bb7 7.c3 Nxe4 8.Re1 Nc5
9.Nxe5 Nxe5 10.Rxe5+ Ne6 11.d4 Bd6 12.Rh5 Qf6 13.Qg4 g6 14.Rh6 O-O 15.Qh4 Qxh4
16.Rxh4 Rfe8 17.Kf1 h5 18.Be3 Ng7 19.Bc2 f5 20.Bb3+ Kh7 21.d5 Be7 22.Rd4 Bc5
23.Rd3 Bxe3 24.fxe3 d6 25.Nd2 Re7 26.Nf3 Ne8 27.a4 Nf6 28.axb5 axb5 29.Rxa8 Bxa8
30.h3 Ne4 31.Rd1 Nc5 32.Ra1 Re8 33.Ba2 Bb7 34.Nd4 Ra8 35.Nxb5 Nb3 36.Nxc7 Ra3
37.Bxb3 Rxa1+ 38.Ke2 Rb1 39.Bc2 Rxb2 40.Kd3 Ra2 41.c4 Bc8 42.h4 Bd7 43.Kc3 Kg7
44.Nb5 Ra6 45.e4 f4 46.Bd3 Kf6 47.Nxd6 Ra2 48.Bc2 Ra3+ 49.Kd4 Rg3 50.e5+ Ke7
51.Bd1 Rg4 52.c5 Rxh4 53.c6 Rg4 54.cxd7 Kxd7 55.Bf3 Rh4 56.Nf7 Rh1 57.e6+ Ke7
58.Ke5 Re1+ 59.Be4  1-0

[Event "Havana op"]
[Site "Havana"]
[Date "1993.??.??"]
[Round "?"]
[White "Arencibia, Walter"]
[Black "Moreno, Alejandro"]
[Result "1-0"]
[WhiteElo "2490"]
[BlackElo "2350"]

1.e4 e5 2.Nf3 Nc6 3.Bb5 a6 4.Ba4 Nf6 5.O-O b5 6.Bb3 Bb7 7.d3 Bd6 8.c3 O-O
9.a4 bxa4 10.Bxa4 h6 11.Nbd2 Ne7 12.Nxe5 Bxe5 13.Nc4 Ng6 14.f4 Bd6 15.e5 Nh4
16.g3 Nd5 17.Qh5 Ng6 18.exd6 cxd6 19.Bd1 Nge7 20.f5 Rc8 21.Qg4 Nf6 22.Qd4 Bd5
23.Nxd6 Rc6 24.Ne4 Nxe4 25.dxe4 Bc4 26.Rf2 f6 27.Bf4 Re8 28.Ba4 Bb5 29.Bb3+ d5
30.exd5  1-0

[Event "HUN-chT"]
[Site "HUN"]
[Date "1993.??.??"]
[Round "?"]
[White "Szalanczy, Emil"]
[Black "Besztercsenyi, Tibor"]
[Result "1-0"]
[WhiteElo "2365"]
[BlackElo "2280"]

1.e4 e5 2.Nf3 Nc6 3.Bb5 a6 4.Ba4 Nf6 5.O-O b5 6.Bb3 Bb7 7.Nc3 Be7 8.d3 d6
9.a4 Na5 10.Ba2 b4 11.Ne2 O-O 12.Ng3 Bc8 13.c3 Rb8 14.d4 Nc6 15.h3 h6 16.Be3 bxc3
17.bxc3 exd4 18.cxd4 Nh7 19.Bb1 Bf6 20.e5 Rxb1 21.Rxb1 dxe5 22.dxe5 Nxe5
23.Nxe5 Bxe5 24.Qxd8 Rxd8 25.Rfd1 Re8 26.Bd4 Bd6 27.Re1 Rd8 28.Be5 Bd7 29.Bxd6 cxd6
30.Rb4 d5 31.Reb1 Re8 32.a5 Bb5 33.Nf5 Nf6 34.Nd6 Re2 35.Nxb5 axb5 36.Ra1  1-0

[Event "HUN-chT"]
[Site "HUN"]
[Date "1993.??.??"]
[Round "?"]
[White "Poor, Istvan"]
[Black "Besztercsenyi, Tibor"]
[Result "0-1"]
[WhiteElo "2235"]
[BlackElo "2280"]

1.e4 e5 2.Nf3 Nc6 3.Bb5 a6 4.Ba4 Nf6 5.O-O b5 6.Bb3 Bb7 7.d3 Be7 8.a4 O-O
9.Nc3 b4 10.Nd5 Nxd5 11.Bxd5 Bf6 12.c3 bxc3 13.bxc3 Na5 14.Ba3 Re8 15.Ba2 d6
16.Rb1 Bc8 17.Bb4 Nc6 18.Bd5 Bd7 19.Qb3 Rf8 20.Qc4 Qe8 21.d4 Ra7 22.dxe5 Nxe5
23.Nxe5 Bxe5 24.f4 Bf6 25.e5 Be7 26.Rfe1 Qd8 27.Ba5 dxe5 28.fxe5 Qe8 29.e6 fxe6
30.Bxe6+ Kh8 31.Bxc7 Bxa4 32.Bb6 Rb7 33.Qxa6 Qc6 34.Kh1 Bc2 35.Rb2 Qxc3 36.Rg1 Qxb2
37.Qxb7 Bc5 38.Bxc5 Qxb7 39.Bxf8 Be4 40.Bh3 Qb3 41.Bg4 Qd5 42.Bb4 h5 43.Be2 h4
44.Bg4 Qb3 45.Be1 h3 46.Bxh3 Qxh3 47.Bg3 Kh7 48.Be1 Qe3 49.Bg3 Qd3 50.Re1 Bc6
51.Rg1 Kg6 52.Re1 Kf5 53.Rg1 Kg4 54.Bf2 Qd2 55.Be1 Qd3 56.Bf2 g5 57.Re1 Qh3
58.Rg1 Kh5 59.Bg3 Qf5 60.Be1 Qd3 61.Bf2 Qd2 62.Bg3 Be4 63.h3 g4 64.h4 Kg6
65.Kh2 Bf3 66.Kh1 Kf5 67.Kh2 Ke4 68.Re1+ Kd3 69.Rg1 Qb2 70.Kh1 Be2 71.Kh2 Kd2
72.Kh1 Qf6 73.Kh2 Bf1 74.Kh1 Ke2 75.Kh2 Qc3 76.Rh1 Qb2 77.Rg1 Qb7 78.Kh1 Bxg2+
79.Kh2 Bf1 80.Bf4 Qf3 81.Bg3 Ke3 82.h5 Qe2+ 83.Kh1 Kf3 84.Bh4 Bg2+ 85.Kh2 Qe5+  0-1

[Event "ITA-chT"]
[Site "ITA"]
[Date "1993.??.??"]
[Round "2"]
[White "Micheli, Carlo"]
[Black "Rupeni, Franco"]
[Result "1-0"]
[WhiteElo "2300"]
[BlackElo "2240"]

1.e4 e5 2.Nf3 Nc6 3.Bb5 a6 4.Ba4 Nf6 5.O-O b5 6.Bb3 Bb7 7.d3 Bc5 8.Nc3 d6
9.a4 b4 10.Ne2 d5 11.Ng3 h6 12.exd5 Nxd5 13.Nxe5 Nxe5 14.d4 O-O 15.dxc5 Qd7
16.Qd4 Qe6 17.Bf4 f6 18.Rad1 Rad8 19.Qxb4 Nxb4 20.Bxe6+ Kh8 21.Bb3 g5 22.Bd2 Nd5
23.Nh5 Ng6 24.g3 Kh7 25.c4 Nde7 26.Bc3 Rxd1 27.Bxd1 Ng8 28.Re1 f5 29.h3 Be4
30.f3 Bd3 31.b3 Rd8 32.Kf2 f4 33.g4 Nh4 34.Ba5 Rd7 35.c6 Rd8 36.Re5 Bg6 37.Be2 Bb1
38.Rd5 Re8 39.Rd7+ Kh8 40.Bc3+  1-0

[Event "Katowice op"]
[Site "Katowice"]
[Date "1993.??.??"]
[Round "2"]
[White "Biolek, Richard"]
[Black "Kolar, Srecko"]
[Result "1-0"]
[WhiteElo "2420"]
[BlackElo "2260"]

1.e4 e5 2.Nf3 Nc6 3.Bb5 a6 4.Ba4 Nf6 5.O-O b5 6.Bb3 Bb7 7.d4 Nxd4 8.Bxf7+ Kxf7
9.Nxe5+ Kg8 10.Qxd4 d6 11.Nd3 Nxe4 12.Nc3 Qf6 13.Qxf6 gxf6 14.Nxe4 Bxe4 15.Re1 Bb7
16.a4 Kf7 17.Nf4 Bg7 18.Nh5 Rhe8 19.Rxe8 Rxe8 20.Be3 b4 21.Nxg7 Kxg7 22.Re1 Kf7
23.f3 Bc6 24.b3 h5 25.Kf2 Bd7 26.h3 f5 27.Bf4 Rxe1 28.Kxe1 Ke6 29.Kf2 c5
30.Kg3 d5 31.Kh4 Be8 32.Kg5 d4 33.a5 Bb5 34.h4 Bf1 35.g3 Be2 36.Kxh5 Kf6
37.Bd6 Bxf3+ 38.Kh6 Bd1 39.Bxc5 Bxc2 40.Bxd4+ Kf7 41.Kg5 Ke6 42.h5 Kf7 43.Bc5 Bxb3
44.Kxf5 Bd1 45.g4 b3 46.Bd4 Kg8 47.Kg6 Bc2+ 48.Kh6  1-0

[Event "Katowice op"]
[Site "Katowice"]
[Date "1993.??.??"]
[Round "8"]
[White "Mulet, Piotr"]
[Black "Kiselev, Gennady"]
[Result "1/2-1/2"]
[WhiteElo "2260"]
[BlackElo "2435"]

1.e4 e5 2.Nf3 Nc6 3.Bb5 a6 4.Ba4 Nf6 5.O-O b5 6.Bb3 Bb7 7.c3 Nxe4 8.d4 d5
9.dxe5 Na5 10.Bc2 Be7 11.Qe2 Nc4 12.Nbd2 Ncxd2 13.Nxd2 Nc5 14.Nb3 Nxb3 15.axb3 c5
16.Qg4 g6 17.f4 d4 18.f5 d3 19.f6 dxc2 20.fxe7 Qxe7 21.Bh6 Qe6 22.Qe2 g5
23.Bg7 Rg8 24.Bf6 Qxb3 25.Rac1 Kd7 26.Rxc2 Rae8 27.Rd2+ Kc8 28.Rfd1 Kb8 29.Qf2 Qc4
30.Rd7 Bc6 31.R7d6 Re6 32.Qd2  1/2-1/2

[Event "Leeuwarden op"]
[Site "Leeuwarden"]
[Date "1993.??.??"]
[Round "8"]
[White "Dutreeuw, Marc"]
[Black "Klip, Hans"]
[Result "0-1"]
[WhiteElo "2455"]
[BlackElo "2340"]

1.e4 e5 2.Nf3 Nc6 3.Bb5 a6 4.Ba4 Nf6 5.O-O b5 6.Bb3 Bb7 7.Re1 Bc5 8.c3 d6
9.d4 Bb6 10.Bg5 h6 11.Bh4 Qd7 12.a4 O-O-O 13.axb5 axb5 14.Bxf6 gxf6 15.Bd5 Rhg8
16.Kh1 Qg4 17.Rg1 exd4 18.h3 Qd7 19.cxd4 f5 20.exf5 Qxf5 21.Nc3 Nb4 22.Bxb7+ Kxb7
23.Qe2 Rde8 24.Qxb5 Qxb5 25.Nxb5 Nd3 26.Nc3 Nxf2+ 27.Kh2 Ne4 28.Rge1 Ng5
29.Nxg5 hxg5 30.d5 f5 31.Kg3 Bd4 32.Kf3 g4+ 33.Kf4 Be5+ 34.Kxf5 gxh3 35.gxh3 Rgf8+
36.Kg5 Re7 37.Rxe5 Rxe5+ 38.Kg4 Re7 39.Kg5 Rg7+ 40.Kh6 Rg3  0-1

[Event "SWE-chA"]
[Site "Lindesberg"]
[Date "1993.??.??"]
[Round "?"]
[White "Sanden, Stefan"]
[Black "Moberg, Karl Johan"]
[Result "1/2-1/2"]
[WhiteElo "2340"]
[BlackElo "2300"]

1.e4 e5 2.Nf3 Nc6 3.Bb5 a6 4.Ba4 Nf6 5.O-O b5 6.Bb3 Bb7 7.Re1 Bc5 8.c3 d6
9.d4 Bb6 10.Bg5 h6 11.Bh4 g5 12.Bg3 O-O 13.a4 Re8 14.axb5 axb5 15.Rxa8 Bxa8
16.d5 Ne7 17.Na3 c6 18.dxc6 Bxc6 19.Qd3 Qb8 20.Nc2 Bc5 21.Nb4 Bxb4 22.cxb4 Kg7
23.Nd2 d5 24.exd5 Nexd5 25.h4 Nf4 26.Qc3 Qd6 27.hxg5 hxg5 28.Nf3 Bxf3 29.Qxf3 Qxb4
30.Qc3 Qxc3 31.bxc3 N6h5 32.Bxf4 Nxf4 33.g3 Nd3 34.Rd1 e4 35.Bc2 Rd8 36.g4 Kf6
37.f3 Ke5 38.fxe4 b4 39.cxb4 Nxb4 40.Rxd8 Nxc2 41.Rd5+  1/2-1/2

[Event "SWE-chA"]
[Site "Lindesberg"]
[Date "1993.??.??"]
[Round "?"]
[White "Sanden, Stefan"]
[Black "Lind, Jan Olov"]
[Result "1-0"]
[WhiteElo "2340"]
[BlackElo "2305"]

1.e4 e5 2.Nf3 Nc6 3.Bb5 a6 4.Ba4 Nf6 5.O-O b5 6.Bb3 Bb7 7.c3 Nxe4 8.d4 Na5
9.Nxe5 Nxb3 10.Qxb3 Nd6 11.a4 Be7 12.Bf4 O-O 13.f3 Rb8 14.Na3 g5 15.Bd2 c5
16.axb5 cxd4 17.cxd4 axb5 18.Qd3 Bd5 19.Rfe1 Kh8 20.b3 f6 21.Ng4 Bf7 22.Bb4 Bg6
23.Qd2 Nf5 24.Ba5 Qe8 25.Nc2 Qf7 26.d5 h5 27.Nge3 Bc5 28.Kh1 Nxe3 29.Nxe3 b4
30.Nc4 d6 31.h4 gxh4 32.Re6 Bf5 33.Nxd6 Bxd6 34.Rxd6 Qg6 35.Bxb4 Rxb4 36.Qxb4 Rg8
37.Qd2 h3 38.Rg1 h4 39.Qf2 h2 40.Qxh4+ Kg7 41.Ra1  1-0

[Event "Lippstadt"]
[Site "Lippstadt"]
[Date "1993.??.??"]
[Round "?"]
[White "Lau, Ralf"]
[Black "Mainka, Romuald"]
[Result "1/2-1/2"]
[WhiteElo "2530"]
[BlackElo "2515"]

1.e4 e5 2.Nf3 Nc6 3.Bb5 a6 4.Ba4 Nf6 5.O-O b5 6.Bb3 Bb7 7.Re1 Bc5 8.c3 d6
9.d4 Bb6 10.Be3 h6 11.h3 O-O 12.Nbd2 Re8 13.d5 Ne7 14.Bxb6 cxb6 15.Bc2 Nh7
16.Nf1 Kh8 17.Ne3 Rc8 18.Re2 Rc5 19.Rd2 Rf8 20.Ne1 Rc7 21.a4 bxa4 22.Rxa4 Bc8
23.Kh2 a5 24.Nf3 Bd7 25.Ra1 Rc8 26.Nh4 Ng8 27.Nhf5 Be8 28.Qe2 g6 29.Ng3 h5
30.Rf1 Ngf6 31.f4 h4 32.Nh1 exf4 33.Rxf4 Nh5 34.Rf2 Bd7 35.Rd1 Qg5 36.Qd2 b5
37.Qd4+ Kg8 38.Rf3 Rfe8 39.Rdf1 Re7 40.Bd3 Rce8 41.Nc2 f6 42.Na3 Qh6 43.Nxb5 Ng5
44.Nxd6 Nxf3+ 45.Rxf3 Rb8 46.Nc4 Qg5 47.d6 Ree8 48.Qa7 Be6 49.Qxa5 Qxa5 50.Nxa5 Rxb2
51.e5 fxe5 52.Bxg6 Nf4 53.Rxf4 exf4 54.Bxe8 f3 55.Kg1 Rxg2+ 56.Kf1 Ra2 57.d7 Bxh3+
58.Ke1 Bxd7 59.Bxd7 Rxa5 60.Nf2 Re5+ 61.Kf1 Kf7  1/2-1/2

[Event "Ljubljana op"]
[Site "Ljubljana"]
[Date "1993.??.??"]
[Round "?"]
[White "Coklin, Marko"]
[Black "Lejlic, Samir"]
[Result "0-1"]
[WhiteElo "2225"]
[BlackElo "2420"]

1.e4 e5 2.Nf3 Nc6 3.Bb5 a6 4.Ba4 Nf6 5.O-O b5 6.Bb3 Bb7 7.c3 Nxe4 8.Qe2 d5
9.d3 Nc5 10.Bc2 Ne6 11.Nxe5 Nxe5 12.Qxe5 Bd6 13.Qh5 d4 14.f4 g6 15.Qh3 Qf6
16.f5 gxf5 17.Rxf5 Qg6 18.Bd1 Bc5 19.Bh5 Bxg2 20.Qxg2 Qxf5 21.Qxa8+ Ke7 22.Qf3 dxc3+
23.Kf1 Rg8 24.d4 Qxf3+ 25.Bxf3 Nxd4 26.b4 Nxf3 27.Ke2 Bd4 28.Kd3 Rd8 29.Nxc3 Ne1+
30.Kd2 Be5+ 31.Ke2 Bxc3 32.Rb1 Nd3 33.Bg5+ f6 34.Bh4 Be5 35.Rg1 Nf4+ 36.Kf3 Rd3+
37.Ke4 Ke6 38.Bxf6 Rd4+  0-1

[Event "Ljubljana op"]
[Site "Ljubljana"]
[Date "1993.??.??"]
[Round "?"]
[White "Kodric, Martin"]
[Black "Petek, Pavel"]
[Result "1/2-1/2"]
[WhiteElo "2255"]
[BlackElo "2220"]

1.e4 e5 2.Nf3 Nc6 3.Bb5 a6 4.Ba4 Nf6 5.O-O b5 6.Bb3 Bb7 7.d3 Bd6 8.c3 h6
9.a4 O-O 10.Na3 Bxa3 11.Rxa3 d5 12.axb5 axb5 13.Rxa8 Bxa8 14.exd5 Nxd5 15.d4 e4
16.Ne5 Nxe5 17.dxe5 Re8 18.Qd4 Nb6 19.e6 fxe6 20.Bxe6+ Kh8 21.Qxd8 Rxd8 22.Bb3 Na4
23.Rd1 Rxd1+ 24.Bxd1 c5 25.c4 Bc6 26.cxb5 Bxb5 27.Bc2 Bc6 28.Be3 Nxb2 29.Bxc5 Nd3
30.Bd4 Nf4 31.Be3 g5 32.g3 Ne6 33.Bb3 Nc7 34.Kf1 Kg7 35.Bd4+ Kg6 36.Be5 Nd5
37.Bc2 Nb4 38.Bb1 Kf5 39.Bc3 Bb5+ 40.Kg2 Bd3  1/2-1/2

[Event "Ljubljana op"]
[Site "Ljubljana"]
[Date "1993.??.??"]
[Round "?"]
[White "Marinsek, Tomaz"]
[Black "Kolar, Srecko"]
[Result "0-1"]
[WhiteElo "2210"]
[BlackElo "2220"]

1.e4 e5 2.Nf3 Nc6 3.Bb5 a6 4.Ba4 Nf6 5.O-O b5 6.Bb3 Bb7 7.Re1 Bc5 8.c3 d6
9.d4 Bb6 10.Be3 O-O 11.dxe5 dxe5 12.Bxb6 cxb6 13.Nbd2 Qe7 14.Qe2 Bc8 15.Bd5 Bd7
16.Rad1 Rfe8 17.Qe3 Rab8 18.Nf1 h6 19.Ng3 Na5 20.b3 Rec8 21.Nh4 Nxd5 22.Rxd5 Qxh4
23.Rxd7 Qf6 24.Nf5 Rd8 25.Red1 Rxd7 26.Rxd7 Nc6 27.h3 Nd8 28.Qd3 Ne6 29.Qd6 Rf8
30.g3 Nc5 31.Qxf6 gxf6 32.Rd6 Nxe4 33.Rxb6 Ra8 34.c4 bxc4 35.bxc4 Kh7 36.Rb7 Rc8
37.Rxf7+ Kg6 38.Ne7+ Kxf7 39.Nxc8 Ke6 40.Nb6 Kd6 41.Nd5 Kc5 42.Ne3 a5 43.Kf1 a4
44.Ke2 Nc3+ 45.Kd3 Nxa2 46.Kc2 Nb4+ 47.Kc3 a3 48.Ng4 Nd3 49.Kb3 e4 50.Nxh6 Nxf2
51.Nf5 Nxh3 52.Ne3 Ng5 53.Nc2 a2 54.Kc3 Nf3 55.Na1 Nd4 56.Kd2 Kxc4 57.Ke3 Kc3
58.Kxe4 Nb3  0-1

[Event "Wch Team"]
[Site "Luzern"]
[Date "1993.??.??"]
[Round "4"]
[White "Peng Xiaomin"]
[Black "Rausis, Igors"]
[Result "1/2-1/2"]
[WhiteElo "2445"]
[BlackElo "2575"]

1.e4 e5 2.Nf3 Nc6 3.Bb5 a6 4.Ba4 Nf6 5.O-O b5 6.Bb3 Bb7 7.d3 Be7 8.Re1 O-O
9.Nbd2 Re8 10.c3 Bf8 11.d4 d6 12.d5 Ne7 13.Nf1 h6 14.h3 c6 15.dxc6 Bxc6 16.Ng3 Ng6
17.Bc2 Qc7 18.Nh2 Rad8 19.Ng4 Nh7 20.Ne3 Nf4 21.Nd5 Nxd5 22.exd5 Bb7 23.Qd3 g6
24.h4 Qc4 25.h5 Qxd3 26.Bxd3 Kg7 27.hxg6 fxg6 28.Be4 Nf6 29.Rd1 Rc8 30.f3 Rc4
31.a3 Be7 32.Rd3 Rec8 33.Be3 h5 34.Bg5 Ng8 35.Be3 Nf6 36.Bg5  1/2-1/2

[Event "Lyon op"]
[Site "Lyon"]
[Date "1993.??.??"]
[Round "4"]
[White "Lanka, Zigurds"]
[Black "Mitkov, Marjan"]
[Result "1-0"]
[WhiteElo "2545"]
[BlackElo "2325"]

1.e4 e5 2.Nf3 Nc6 3.Bb5 a6 4.Ba4 Nf6 5.O-O b5 6.Bb3 Bb7 7.d3 Be7 8.Nc3 d6
9.a4 b4 10.Ne2 O-O 11.Ng3 Na5 12.Ba2 c5 13.Bd2 Qc7 14.Re1 Rad8 15.Nf5 Nc6
16.N3h4 Bc8 17.c3 bxc3 18.bxc3 Be6 19.Qf3 Ne8 20.Qg3 Bxh4 21.Nxh4 Ne7 22.Bg5 Bxa2
23.Rxa2 f6 24.Be3 d5 25.Qg4 Rf7 26.Nf3 Nd6 27.exd5 Nxd5 28.Bd2 Qb7 29.Raa1 Nc7
30.Be3 Qd5 31.Red1 Rb8 32.h3 Rb3 33.d4 cxd4 34.cxd4 e4 35.Nd2 Rb8 36.Bf4 f5
37.Qg3 Rd8 38.Nf1 Ne6 39.Ne3 Nxf4 40.Qxf4 Qe6 41.Rac1 Qd7 42.a5 Qa4 43.Rc5 Nb5
44.Kh2 Qxa5 45.Nxf5 Qb6 46.Qxe4 Qf6 47.f3 Rfd7 48.Rc6 Nd6 49.Qd5+ Kf8 50.Ng3 Qf7
51.Qc5 Kg8 52.Rxa6 Nc4 53.Rc6 Ne3 54.Re1 Qf4 55.Qe5 Nd5 56.Re4 Qf7 57.Nf5 Nf6
58.Nh6+ gxh6 59.Rxf6 Qd5 60.Rg4+ Rg7 61.Rf8+  1-0